000 01966nam a22002777a 4500
001 97318
003 UA-OsUOA
005 20260421095558.0
007 ta
008 20130327b un ||||| |||| 00| 0 ukr d
020 _a5308000522
040 _aUA-OsUOA
_bukr
_cUA-OsUOA
_dUA-OsUOA
041 _aukr
080 _a94(477)
090 _a94(477)
_bЛ67
245 _aЛітопис руський
_cвідп. ред. О. В. Мишанич ; за іпатським списком пер. Леонід Махновець
260 _aК.
_bДніпро
_c1989
300 _a591 с.
490 _aДавньоруські та давні українські літописи
520 _a"Літопис руський" - велетенська епопея про події всесвітньої історії та історії Давньої Русі від незапам’ятних часів до кінця XIII ст. Це - документальне першоджерело, де значуще кожне слово. Складається з "Повісті минулих літ", Київського літопису та Галицько-Волинського літопису. Переклад "Літопису руського" (з додатком творів Володимира Мономаха) українською мовою здійснено вперше. Книга містить фундаментальний науковий апарат, широко ілюстрована. Видання універсальне. Воно придатне і для наукової роботи, і для задоволення інтересу любителів рідної історії.
650 7 _a94(477) Історія України
_2UDC
_940
700 1 _aМишанич О. В.
_eред.
_917485
942 _cBK
_2udc
955 _a2
999 _c383565
_d383565